[Event "BL 1011 SC Remagen - Schachfr. Berlin"]
[Site "?"]
[Date "2011.02.26"]
[Round "10.7"]
[White "Thiede, Lars"]
[Black "Popovic, Petar"]
[Result "1/2-1/2"]
[WhiteElo "2445"]
[BlackElo "2495"]
[PlyCount "93"]
[EventDate "2011.??.??"]

1. c4 Nf6 2. g3 c6 3. Nf3 d5 4. Bg2 g6 5. b3 Bg7 6. Bb2 O-O 7. O-O Re8 8. d3
Nbd7 9. Nbd2 e5 10. cxd5 cxd5 11. e3 b6 12. Qb1 Ba6 13. Rd1 Rc8 14. b4 Qe7 15.
a3 Rc7 16. Ne1 Bb7 17. Nb3 Rec8 18. h3 Ne8 19. Qa2 Nd6 20. Rac1 Rxc1 21. Rxc1
Rxc1 22. Nxc1 e4 23. Bxg7 Kxg7 24. Ne2 Qf6 25. Nd4 Nf5 26. Nxf5+ Qxf5 27. Qc2
Qe5 28. d4 Qd6 29. Bf1 Nf6 30. Qc3 Bc6 31. b5 Bd7 32. Nc2 Ne8 33. Nb4 Nc7 34.
a4 g5 35. Kg2 Ne8 36. Na6 Qh6 37. g4 Qd6 38. Be2 Kf6 39. Nb4 Ke7 40. Bd1 Nf6
41. Na6 Kd8 42. Qb4 Qxb4 43. Nxb4 Kc7 44. Kg3 Kd6 45. Na2 h6 46. Nc3 Bc8 47.
Be2 1/2-1/2

[Event "BL 1011 SC Remagen - Schachfr. Berlin"]
[Site "?"]
[Date "2011.02.26"]
[Round "10.8"]
[White "Seel, Christian"]
[Black "Thinius, Marco"]
[Result "1-0"]
[WhiteElo "2483"]
[BlackElo "2367"]
[PlyCount "33"]
[EventDate "2011.??.??"]

1. Nf3 Nf6 2. c4 e6 3. Nc3 d5 4. d4 Bb4 5. Qb3 c5 6. cxd5 exd5 7. dxc5 Nc6 8.
Bg5 Be6 9. O-O-O d4 10. Qa4 Bxc5 11. e3 Bd7 12. exd4 Be7 13. d5 Ne5 14. Bb5
Nxf3 15. gxf3 Bxb5 16. Qxb5+ Qd7 17. d6 1-0

[Event "BL 1011 Werder Bremen - SV Mülheim Nord"]
[Site "?"]
[Date "2011.02.26"]
[Round "10.2"]
[White "Gashimov, Vugar"]
[Black "Fridman, Daniel"]
[Result "1-0"]
[WhiteElo "2719"]
[BlackElo "2645"]
[PlyCount "114"]
[EventDate "2011.??.??"]

1. e4 e6 2. d4 d5 3. Nc3 Nf6 4. Bg5 dxe4 5. Nxe4 Nbd7 6. Nf3 h6 7. Bh4 Be7 8.
Nxf6+ Bxf6 9. Bxf6 Nxf6 10. Qd2 O-O 11. O-O-O b6 12. Ne5 Bb7 13. Bd3 Rc8 14.
Rhe1 c5 15. g4 Nd5 16. c4 Nb4 17. dxc5 Nxd3+ 18. Qxd3 Qxd3 19. Rxd3 Rxc5 20. b3
Bc8 21. Nd7 Bxd7 22. Rxd7 f5 23. g5 Rf7 24. Rd8+ Kh7 25. gxh6 Kxh6 26. Rxe6+
Kg5 27. Kd2 Kf4 28. Rd4+ Kf3 29. Rd3+ Kf4 30. Kc3 Rc8 31. Ree3 Rc6 32. Rg3 Ke5
33. h4 g6 34. b4 Rfc7 35. Rd4 Kf6 36. Rgd3 Ke7 37. Re3+ Kf6 38. Kd3 b5 39. cxb5
Rc3+ 40. Ke2 Rc2+ 41. Rd2 R7c4 42. Ra3 Re4+ 43. Kd1 Rc7 44. Ra6+ Kf7 45. b6
axb6 46. Rxb6 Ra7 47. b5 Rxh4 48. Rc6 Rh1+ 49. Ke2 Ra1 50. Rcc2 Rb7 51. Rb2 Ke6
52. Rd1 Rxd1 53. Kxd1 Kd6 54. a4 Ra7 55. b6 Ra8 56. a5 Kc6 57. a6 Kd5 1-0

[Event "BL 1011 Werder Bremen - SV Mülheim Nord"]
[Site "?"]
[Date "2011.02.26"]
[Round "10.3"]
[White "Landa, Konstantin"]
[Black "Efimenko, Zahar"]
[Result "1/2-1/2"]
[WhiteElo "2611"]
[BlackElo "2683"]
[PlyCount "56"]
[EventDate "2011.??.??"]

1. d4 Nf6 2. c4 e6 3. Nf3 b6 4. g3 Bb7 5. Bg2 Be7 6. O-O O-O 7. Re1 a5 8. Bf4
Na6 9. Nc3 Ne4 10. Nb5 c6 11. Nc3 d5 12. Qb3 c5 13. Red1 Nxc3 14. bxc3 cxd4 15.
Nxd4 dxc4 16. Qxc4 Bxg2 17. Kxg2 Qc8 18. Qxc8 Rfxc8 19. Nb5 g5 20. Be3 Nc5 21.
Rab1 h6 22. Bxc5 Rxc5 23. Rd7 Kf8 24. Rb7 Rd8 25. Rb2 Rc6 26. e3 Bf6 27. Kf3
Rd5 28. g4 Bxc3 1/2-1/2

[Event "BL 1011 Werder Bremen - SV Mülheim Nord"]
[Site "?"]
[Date "2011.02.26"]
[Round "10.5"]
[White "Berelowitsch, Alexander"]
[Black "Areshchenko, Alexander"]
[Result "0-1"]
[WhiteElo "2574"]
[BlackElo "2664"]
[PlyCount "68"]
[EventDate "2011.??.??"]

1. e4 c5 2. Nf3 d6 3. d4 cxd4 4. Nxd4 Nf6 5. Nc3 a6 6. Be3 e5 7. Nf3 Be7 8. Bc4
O-O 9. O-O Qc7 10. Qe2 Be6 11. Bb3 Rc8 12. Rfd1 Nbd7 13. Rac1 b5 14. Bg5 h6 15.
Bxf6 Nxf6 16. a3 Rab8 17. Nd5 Bxd5 18. Bxd5 Nxd5 19. Rxd5 Qc4 20. Kf1 f5 21.
Qxc4 bxc4 22. exf5 Rxb2 23. Nd2 Rb5 24. Rxb5 axb5 25. Rb1 c3 26. Nf3 Rc5 27.
Rb4 Bf6 28. Ne1 Rd5 29. Ke2 Rd2+ 30. Kf1 d5 31. Rxb5 e4 32. a4 Bd4 33. Rxd5
Rxf2+ 34. Kg1 Be3 0-1

[Event "BL 1011 Werder Bremen - SV Mülheim Nord"]
[Site "?"]
[Date "2011.02.26"]
[Round "10.6"]
[White "Nyback, Tomi"]
[Black "Hausrath, Daniel"]
[Result "1-0"]
[WhiteElo "2635"]
[BlackElo "2537"]
[PlyCount "79"]
[EventDate "2011.??.??"]

1. d4 Nf6 2. c4 g6 3. Nc3 Bg7 4. e4 d6 5. Nf3 O-O 6. Be2 c5 7. O-O cxd4 8. Nxd4
Nc6 9. Be3 Bd7 10. Nc2 a5 11. b3 Nb4 12. Rc1 Bc6 13. a3 Na6 14. Bf3 Nc5 15. Nd4
Bxe4 16. Nxe4 Ncxe4 17. Qc2 Nc5 18. b4 axb4 19. axb4 Ne6 20. Nxe6 fxe6 21. c5
Nd5 22. Bd2 dxc5 23. bxc5 Qc7 24. Qb3 Rad8 25. Rfe1 Rf6 26. h4 Kh8 27. Bg5 Rf5
28. Rxe6 Nf4 29. Re3 Bd4 30. Bxe7 Bxe3 31. Qxe3 Rd3 32. Qe4 Kg7 33. Re1 Nh3+
34. gxh3 Rdxf3 35. Qd4+ Kg8 36. Bd6 Qf7 37. Re7 Qf6 38. Re8+ Kg7 39. Bf8+ Kf7
40. Qd7+ 1-0

[Event "BL 1011 Werder Bremen - SV Mülheim Nord"]
[Site "?"]
[Date "2011.02.26"]
[Round "10.7"]
[White "Feygin, Michael"]
[Black "Hracek, Zbynek"]
[Result "1/2-1/2"]
[WhiteElo "2526"]
[BlackElo "2633"]
[PlyCount "125"]
[EventDate "2011.??.??"]

1. e4 e5 2. Nf3 Nc6 3. Bb5 a6 4. Bxc6 dxc6 5. O-O f6 6. d4 Bg4 7. dxe5 Qxd1 8.
Rxd1 fxe5 9. Rd3 Bd6 10. Nbd2 Nf6 11. Nc4 O-O 12. Nfxe5 Be2 13. Re3 Bxc4 14.
Nxc4 Bc5 15. Re2 Rae8 16. Be3 Rxe4 17. Bxc5 Rxe2 18. Bxf8 Kxf8 19. Rc1 Ne4 20.
f3 Nd6 21. Kf1 Re6 22. Nd2 Rh6 23. h3 Rh4 24. Re1 Rd4 25. Ne4 Nxe4 26. Rxe4 Rd2
27. Re2 Rd1+ 28. Kf2 c5 29. Ke3 c4 30. c3 Rd3+ 31. Ke4 Kf7 32. h4 Rd6 33. Rf2
Rd1 34. g4 g6 35. Rh2 h5 36. Kf4 Kf6 37. Re2 Rh1 38. Kg3 Rg1+ 39. Rg2 Rd1 40.
Kf4 Rh1 41. Kg3 Rd1 42. Re2 Rg1+ 43. Kf4 Rh1 44. Re8 hxg4 45. fxg4 Rxh4 46.
Rf8+ Ke7 47. Rc8 Kd7 48. Rg8 Rh2 49. Rg7+ Ke6 50. Rxc7 Rxb2 51. Rxc4 Rxa2 52.
Kg5 b5 53. Rf4 Ra3 54. Kxg6 Kd5 55. Rf3 Ke4 56. Rf6 a5 57. Rf5 Rb3 58. c4 bxc4
59. Rxa5 Rb6+ 60. Kh5 c3 61. g5 Rc6 62. Ra1 c2 63. Rc1 1/2-1/2

[Event "BL 1011 Werder Bremen - SV Mülheim Nord"]
[Site "?"]
[Date "2011.02.26"]
[Round "10.8"]
[White "Babula, Vlastimil"]
[Black "Saltaev, Mihail"]
[Result "1-0"]
[WhiteElo "2515"]
[BlackElo "2483"]
[PlyCount "75"]
[EventDate "2011.??.??"]

1. d4 d5 2. c4 c6 3. Nc3 Nf6 4. Nf3 a6 5. c5 g6 6. Bf4 Bg7 7. e3 Bf5 8. Nd2
Nbd7 9. Be2 h5 10. h3 h4 11. O-O e5 12. dxe5 Nh5 13. Bxh5 Rxh5 14. e4 Be6 15.
exd5 cxd5 16. Nf3 Nxe5 17. Nxe5 Bxe5 18. Bxe5 Rxe5 19. Qd4 Qc7 20. Rfe1 Rxe1+
21. Rxe1 O-O-O 22. b4 Kb8 23. b5 Rc8 24. bxa6 Qxc5 25. Qe5+ Ka7 26. axb7 Rb8
27. a4 Rxb7 28. Nb5+ Ka6 29. Qh8 Qc8 30. Qxh4 Rb6 31. Qe7 Ka5 32. Rb1 Bf5 33.
Qb4+ Ka6 34. Rd1 Qc4 35. Qf8 Ka5 36. Qxf7 Kxa4 37. Nd4 Be4 38. Qa7+ 1-0

[Event "BL 1011 SK Delmenhorst - SF Katernberg"]
[Site "?"]
[Date "2011.02.26"]
[Round "10.1"]
[White "Volokitin, Andrei"]
[Black "Heberla, Bartlomeij"]
[Result "1/2-1/2"]
[WhiteElo "2661"]
[BlackElo "2534"]
[PlyCount "93"]
[EventDate "2011.??.??"]

1. e4 e5 2. Nf3 Nf6 3. Nxe5 d6 4. Nf3 Nxe4 5. d4 d5 6. Bd3 Nd6 7. O-O Be7 8.
Bf4 Nd7 9. Bxd6 Bxd6 10. Re1+ Be7 11. Qe2 Nf8 12. c4 Ne6 13. cxd5 Nf4 14. Bb5+
Kf8 15. Qe4 Nxd5 16. Ne5 Be6 17. Nc3 Bb4 18. Qf3 Bxc3 19. bxc3 c6 20. Nxc6 Qf6
21. Qxf6 gxf6 22. c4 bxc6 23. Bxc6 Rd8 24. cxd5 Bxd5 25. Bxd5 Rxd5 26. Re3 Rxd4
27. Ra3 Kg7 28. Rxa7 Rc8 29. Ra3 Rc2 30. h3 Rdd2 31. Rg3+ Kh6 32. a4 Rxf2 33.
Raa3 Ra2 34. Rxa2 Rxa2 35. Rg4 f5 36. Rf4 Kg5 37. g3 Ra1+ 38. Kf2 Ra2+ 39. Ke1
Ra3 40. h4+ Kg6 41. Kf2 Ra2+ 42. Kf3 Ra3+ 43. Kg2 Ra2+ 44. Kh3 h5 45. Rb4 Kg7
46. Rc4 Kh7 47. Rd4 1/2-1/2

[Event "BL 1011 SK Delmenhorst - SF Katernberg"]
[Site "?"]
[Date "2011.02.26"]
[Round "10.2"]
[White "Warakomski, Tomasz"]
[Black "Chuchelov, Vladimir"]
[Result "1-0"]
[WhiteElo "2468"]
[BlackElo "2565"]
[PlyCount "71"]
[EventDate "2011.??.??"]

1. e4 c5 2. Nf3 e6 3. d4 cxd4 4. Nxd4 a6 5. Bd3 Bc5 6. Nb3 Be7 7. O-O d6 8. f4
Nd7 9. Qf3 Ngf6 10. Nc3 Qc7 11. a4 b6 12. Bd2 Bb7 13. Rae1 g6 14. Qh3 h5 15.
Kh1 Ng4 16. Nd1 Ngf6 17. c4 Nc5 18. Nxc5 dxc5 19. Nf2 O-O-O 20. a5 bxa5 21. Bc3
Qxf4 22. e5 Ng4 23. Ne4 Rxd3 24. Rxf4 Rxh3 25. gxh3 Nh6 26. Kg1 Rd8 27. Nd6+
Bxd6 28. exd6 Rxd6 29. Re5 Rc6 30. Rf6 Kd7 31. Bd2 Rb6 32. Bxh6 Rxb2 33. Rxf7+
Kd6 34. Bf4 Rg2+ 35. Kf1 Bf3 36. Rd5+ 1-0

[Event "BL 1011 SK Delmenhorst - SF Katernberg"]
[Site "?"]
[Date "2011.02.26"]
[Round "10.5"]
[White "Glek, Igor V"]
[Black "Meyer, Malte"]
[Result "1-0"]
[WhiteElo "2467"]
[BlackElo "2348"]
[PlyCount "35"]
[EventDate "2011.??.??"]

1. e4 e5 2. Nf3 d6 3. d4 exd4 4. Nxd4 Nf6 5. Nc3 Be7 6. g3 d5 7. exd5 Nxd5 8.
Bd2 O-O 9. Bg2 Nb6 10. Be3 Nc4 11. Qe2 Nxe3 12. fxe3 Bb4 13. Qc4 Qe7 14. O-O
Qc5 15. Qb3 Bxc3 16. Rxf7 Kh8 17. Qxc3 Qd6 18. Nb5 1-0

[Event "BL 1011 SK Delmenhorst - SF Katernberg"]
[Site "?"]
[Date "2011.02.26"]
[Round "10.6"]
[White "Hoeffer, David"]
[Black "Zaragatski, Ilja"]
[Result "1-0"]
[WhiteElo "2259"]
[BlackElo "2490"]
[PlyCount "107"]
[EventDate "2011.??.??"]

1. e4 e6 2. d4 d5 3. Nc3 Nc6 4. Nf3 Nf6 5. Bd3 Nb4 6. Bg5 Be7 7. O-O O-O 8. e5
Nd7 9. Bxe7 Qxe7 10. Re1 b6 11. Ne2 a5 12. Nf4 Ba6 13. Bxa6 Nxa6 14. Rc1 b5 15.
Qe2 Rfb8 16. c3 c5 17. dxc5 Naxc5 18. Nd4 Rb6 19. Qg4 Ne4 20. f3 Nxe5 21. Qh5
Ng6 22. Nxd5 exd5 23. Qxd5 Rd8 24. Qxe4 Qg5 25. Kh1 h5 26. g3 h4 27. f4 Qh5 28.
Kg2 Rf6 29. f5 Nf8 30. g4 Qh6 31. Nf3 Rfd6 32. Rc2 Nh7 33. Nd4 Nf6 34. Qf3 b4
35. Rce2 bxc3 36. bxc3 Kh7 37. Kh1 Nd5 38. Rg2 Qg5 39. Qf2 Nxc3 40. Nf3 Qh6 41.
g5 Qh5 42. g6+ fxg6 43. Ng5+ Kg8 44. Qe3 gxf5 45. Qxc3 Rd1 46. Qc4+ Kh8 47.
Reg1 Rxg1+ 48. Rxg1 Re8 49. Qf4 Rf8 50. Nf3 h3 51. Rg3 Re8 52. Qd4 Qh6 53. Qd7
Rf8 54. Ng5 1-0

[Event "BL 1011 SK Delmenhorst - SF Katernberg"]
[Site "?"]
[Date "2011.02.26"]
[Round "10.7"]
[White "Siebrecht, Sebastian"]
[Black "Ohse, Andreas Dr"]
[Result "1-0"]
[WhiteElo "2421"]
[BlackElo "2133"]
[PlyCount "53"]
[EventDate "2011.??.??"]

1. c4 g6 2. e4 c5 3. Nf3 Nc6 4. d4 cxd4 5. Nxd4 Nf6 6. Nc3 Bg7 7. Nc2 d6 8. Be2
O-O 9. O-O Be6 10. Kh1 Qa5 11. Bd2 Rfc8 12. f4 h5 13. Qe1 Qd8 14. Qg3 Kh7 15.
Rae1 Bh6 16. Bc1 Qg8 17. Bd3 Qg7 18. b3 Bd7 19. Nd5 e6 20. Nxf6+ Qxf6 21. e5
dxe5 22. fxe5 Qe7 23. Ba3 Qe8 24. Rf6 Bg7 25. Qg5 Kg8 26. Rxg6 fxg6 27. Bxg6
1-0

[Event "BL 1011 SK Delmenhorst - SF Katernberg"]
[Site "?"]
[Date "2011.02.26"]
[Round "10.8"]
[White "Kuegel, Tobias"]
[Black "Kotainy, Jens"]
[Result "1/2-1/2"]
[WhiteElo "2012"]
[BlackElo "2343"]
[PlyCount "82"]
[EventDate "2011.??.??"]

1. e4 e6 2. d4 d5 3. exd5 exd5 4. Bd3 Nc6 5. c3 Bd6 6. Ne2 Qh4 7. Ng3 Nge7 8.
Qh5 Qxh5 9. Nxh5 O-O 10. Bf4 Ng6 11. Bxd6 Re8+ 12. Kd2 cxd6 13. Bxg6 fxg6 14.
Nf4 Rf8 15. Nd3 Bf5 16. f3 g5 17. Re1 g4 18. fxg4 Be4 19. Re2 Rf1 20. Ne1 Ne7
21. Ke3 Re8 22. Nd2 Nf5+ 23. gxf5 Bxf5+ 24. Ne4 Bxe4 25. Kd2 Rh1 26. g3 Rf8 27.
Nc2 Rxa1 28. Nxa1 g5 29. Nb3 Kg7 30. Ke1 Kg6 31. Nd2 Bf5 32. Re7 Bg4 33. Nf1
Rf7 34. Rxf7 Kxf7 35. Kf2 Kf6 36. Ne3 Be6 37. g4 Kg6 38. Kf3 h5 39. h3 h4 40.
b3 b5 41. b4 Kf6 1/2-1/2

[Event "BL 1011 SV Griesheim - OSG Baden Baden"]
[Site "?"]
[Date "2011.02.26"]
[Round "10.1"]
[White "Bacrot, Etienne"]
[Black "Mista, Aleksandar"]
[Result "1-0"]
[WhiteElo "2716"]
[BlackElo "2574"]
[PlyCount "69"]
[EventDate "2011.??.??"]

1. d4 d5 2. c4 dxc4 3. e4 Nc6 4. Nf3 Bg4 5. d5 Ne5 6. Bf4 Ng6 7. Be3 e5 8. Bxc4
a6 9. Be2 Nf6 10. Nc3 Bd6 11. O-O O-O 12. Nd2 Bd7 13. g3 b5 14. a4 Rb8 15. axb5
axb5 16. Qc2 c6 17. Ra6 b4 18. Nb5 cxb5 19. Rxd6 Ne8 20. Ra6 f5 21. exf5 Bxf5
22. Qc5 Rc8 23. Rc6 Nf6 24. Bxb5 Rb8 25. Bc4 Ne4 26. Nxe4 Bxe4 27. Qd6 Qe8 28.
Qe6+ Qxe6 29. Rxe6 Rfd8 30. Rb6 Bf3 31. Rxb8 Rxb8 32. b3 Kf8 33. Bc5+ Ke8 34.
Ra1 Ne7 35. Ra7 1-0

[Event "BL 1011 SV Griesheim - OSG Baden Baden"]
[Site "?"]
[Date "2011.02.26"]
[Round "10.2"]
[White "Tazbir, Marcin"]
[Black "Nielsen, Peter-Heine"]
[Result "1/2-1/2"]
[WhiteElo "2523"]
[BlackElo "2670"]
[PlyCount "42"]
[EventDate "2011.??.??"]

1. e4 e5 2. Nf3 Nc6 3. Bb5 Nf6 4. O-O Nxe4 5. d4 Nd6 6. Bxc6 dxc6 7. dxe5 Nf5
8. Qxd8+ Kxd8 9. Nc3 Bd7 10. b3 Kc8 11. Bb2 Be7 12. Rad1 a5 13. a4 h5 14. Ne4
c5 15. Nc3 Bd8 16. Rd2 Bc6 17. Nd5 b6 18. c4 Kb7 19. Rd3 Re8 20. h3 g5 21. Re1
Ng7 1/2-1/2

[Event "BL 1011 SV Griesheim - OSG Baden Baden"]
[Site "?"]
[Date "2011.02.26"]
[Round "10.3"]
[White "Naiditsch, Arkadij"]
[Black "Murdzia, Piotr"]
[Result "1-0"]
[WhiteElo "2674"]
[BlackElo "2477"]
[PlyCount "79"]
[EventDate "2011.??.??"]

1. e4 e5 2. Nf3 Nf6 3. Nxe5 d6 4. Nf3 Nxe4 5. d4 d5 6. Bd3 Be7 7. O-O Nc6 8.
Nc3 Nxc3 9. bxc3 Bg4 10. Rb1 Rb8 11. Re1 O-O 12. Bf4 Bd6 13. Bxd6 Qxd6 14. Re3
Qd7 15. h3 Bf5 16. Bxf5 Qxf5 17. Qe2 h6 18. Nh4 Qg5 19. g3 b6 20. Ng2 Rbd8 21.
Nf4 Rd6 22. Re1 Qf5 23. Kg2 g6 24. h4 Kg7 25. Qd1 Rf6 26. R1e2 Rd8 27. Qe1 Qd7
28. f3 Rf8 29. Qd2 Qf5 30. c4 Na5 31. Re5 Qc8 32. cxd5 Nc4 33. Qc1 c6 34. Re7
cxd5 35. Nxd5 Rf5 36. Nc7 Kh7 37. g4 Rf6 38. Ne8 Rc6 39. d5 Rc5 40. Qa1 1-0

[Event "BL 1011 SV Griesheim - OSG Baden Baden"]
[Site "?"]
[Date "2011.02.26"]
[Round "10.4"]
[White "Grabarczyk, Miroslaw"]
[Black "Nisipeanu, Liviu-Dieter"]
[Result "1/2-1/2"]
[WhiteElo "2475"]
[BlackElo "2683"]
[PlyCount "63"]
[EventDate "2011.??.??"]

1. d4 Nf6 2. c4 e6 3. Nf3 c5 4. d5 d6 5. Nc3 exd5 6. cxd5 g6 7. h3 a6 8. a4 Qe7
9. e3 Bg7 10. Bd3 O-O 11. O-O Nbd7 12. e4 Ne5 13. Nxe5 Qxe5 14. a5 Bd7 15. Re1
Nh5 16. Na4 Bb5 17. Nb6 Rad8 18. Qb3 Bxd3 19. Qxd3 f5 20. Nc4 fxe4 21. Qxe4
Qxe4 22. Rxe4 Nf6 23. Re6 Nxd5 24. Bg5 Nf4 25. Rxd6 Rxd6 26. Nxd6 Bxb2 27. Rb1
Bd4 28. Rxb7 Ne2+ 29. Kf1 Ng3+ 30. Ke1 Bxf2+ 31. Kd1 Nf5 32. Rb6 1/2-1/2

[Event "BL 1011 SV Griesheim - OSG Baden Baden"]
[Site "?"]
[Date "2011.02.26"]
[Round "10.6"]
[White "Bulski, Krzysztof"]
[Black "Gustafsson, Jan"]
[Result "0-1"]
[WhiteElo "2459"]
[BlackElo "2646"]
[PlyCount "58"]
[EventDate "2011.??.??"]

1. e4 e5 2. Nf3 Nc6 3. Bc4 Nf6 4. Ng5 d5 5. exd5 Na5 6. Bb5+ c6 7. dxc6 bxc6 8.
Be2 h6 9. Nh3 Bd6 10. d3 O-O 11. O-O Rb8 12. Nc3 c5 13. Ne4 Nc6 14. Nxf6+ Qxf6
15. Bg4 Ba6 16. c3 e4 17. Be2 Rfd8 18. d4 Bc8 19. f3 Bxh3 20. gxh3 cxd4 21.
fxe4 Qh4 22. Bc4 Qxh3 23. Qe2 d3 24. Bxf7+ Kh8 25. Qf2 Ne5 26. Qg2 Bc5+ 27. Kh1
Qxg2+ 28. Kxg2 d2 29. b4 d1=Q 0-1

[Event "BL 1011 SV Griesheim - OSG Baden Baden"]
[Site "?"]
[Date "2011.02.26"]
[Round "10.7"]
[White "Doettling, Fabian"]
[Black "Geske, Julian"]
[Result "1/2-1/2"]
[WhiteElo "2579"]
[BlackElo "2364"]
[PlyCount "77"]
[EventDate "2011.??.??"]

1. d4 d5 2. Nf3 c6 3. c4 dxc4 4. e3 Be6 5. Qc2 Nf6 6. Bxc4 Bxc4 7. Qxc4 Qa5+ 8.
Bd2 Qa6 9. Na3 e6 10. Qxa6 Nxa6 11. Nc4 Rc8 12. Ke2 Ne4 13. Rhc1 Be7 14. Be1
O-O 15. Rc2 c5 16. Rac1 cxd4 17. Nxd4 Nd6 18. Nxd6 Rxc2+ 19. Rxc2 Bxd6 20. Nb5
Bb8 21. f3 Rd8 22. Rc4 Kf8 23. Bg3 e5 24. e4 b6 25. Nxa7 Bxa7 26. Ra4 b5 27.
Rxa6 Bd4 28. Ra5 Bxb2 29. Rxb5 Bd4 30. a4 Ra8 31. a5 f6 32. Be1 Rc8 33. Bb4+
Kf7 34. Kd2 Rc6 35. Rb7+ Kg6 36. Bf8 Rc8 37. Bb4 Rc6 38. Bf8 Rc8 39. Bb4
1/2-1/2

[Event "BL 1011 SV Griesheim - OSG Baden Baden"]
[Site "?"]
[Date "2011.02.26"]
[Round "10.8"]
[White "Walter, Stefan"]
[Black "Schlosser, Philipp"]
[Result "0-1"]
[WhiteElo "2321"]
[BlackElo "2574"]
[PlyCount "58"]
[EventDate "2011.??.??"]

1. d4 d6 2. Nf3 g6 3. Bf4 Bg7 4. e3 Nd7 5. Nbd2 e5 6. Bg3 Nh6 7. Bc4 Nf5 8. c3
Qe7 9. dxe5 dxe5 10. e4 Nxg3 11. hxg3 O-O 12. Qe2 a5 13. Qe3 Nb6 14. Bb5 a4 15.
Be2 Rd8 16. Nc4 Nd7 17. O-O-O b5 18. Na3 c6 19. Kb1 Bb7 20. Nc2 Nf6 21. Rxd8+
Rxd8 22. Rd1 Rxd1+ 23. Bxd1 c5 24. Nd2 Qd7 25. Bf3 Bf8 26. c4 bxc4 27. Nxc4
Bxe4 28. Nxe5 Qf5 29. Bxe4 Nxe4 0-1

[Event "BL 1011 SG Turm Trier - SC Eppingen"]
[Site "?"]
[Date "2011.02.26"]
[Round "10.1"]
[White "Berkes, Ferenc"]
[Black "Lupulescu, Constantin"]
[Result "1/2-1/2"]
[WhiteElo "2678"]
[BlackElo "2617"]
[PlyCount "60"]
[EventDate "2011.??.??"]

1. g3 c5 2. Bg2 g6 3. c4 Bg7 4. Nc3 Nc6 5. d3 d6 6. e3 e5 7. Nge2 Nge7 8. Rb1
Rb8 9. O-O O-O 10. b3 Be6 11. Nd5 Bxd5 12. cxd5 Nb4 13. Nc3 e4 14. a3 Nxd3 15.
Nxe4 Nxc1 16. Qxc1 b5 17. Rd1 Nc8 18. a4 bxa4 19. bxa4 Rb4 20. Qc2 a5 21. Bf1
Qe7 22. Nd2 Nb6 23. Rxb4 cxb4 24. Qc6 Qa7 25. Nb3 Ra8 26. h4 Be5 27. Bh3 Qa6
28. Bf1 Qa7 29. Bh3 Qa6 30. Bf1 Qa7 1/2-1/2

[Event "BL 1011 SG Turm Trier - SC Eppingen"]
[Site "?"]
[Date "2011.02.26"]
[Round "10.2"]
[White "Cyborowski, Lukasz"]
[Black "Balogh, Csaba"]
[Result "1/2-1/2"]
[WhiteElo "2531"]
[BlackElo "2608"]
[PlyCount "78"]
[EventDate "2011.??.??"]

1. Nf3 d5 2. d4 Nf6 3. c4 c6 4. Nbd2 Bf5 5. Nh4 Be6 6. e3 g6 7. b3 Bg7 8. Bb2
Qa5 9. a3 Ne4 10. b4 Qc7 11. Nxe4 dxe4 12. Qb1 g5 13. d5 cxd5 14. Bxg7 Rg8 15.
cxd5 Rxg7 16. Qb2 Kf8 17. dxe6 gxh4 18. exf7 Nc6 19. Rc1 Qe5 20. Qxe5 Nxe5 21.
Rc5 Rg5 22. Ke2 Nxf7 23. Rxg5 Nxg5 24. f4 Nf7 25. Kd2 Rd8+ 26. Kc2 Nd6 27. g4
hxg3 28. hxg3 Nf5 29. Be2 Nxe3+ 30. Kc3 Kg7 31. Rh5 Nd5+ 32. Kc2 Rc8+ 33. Kd2
e3+ 34. Kd3 e6 35. Re5 Rc3+ 36. Kd4 Rxa3 37. Rxe6 Nc3 38. Rxe3 Nxe2+ 39. Rxe2
Rxg3 1/2-1/2

[Event "BL 1011 SG Turm Trier - SC Eppingen"]
[Site "?"]
[Date "2011.02.26"]
[Round "10.3"]
[White "Postny, Evgeny"]
[Black "Jaracz, Pawel"]
[Result "1-0"]
[WhiteElo "2595"]
[BlackElo "2543"]
[PlyCount "143"]
[EventDate "2011.??.??"]

1. d4 Nf6 2. c4 g6 3. Nc3 d5 4. Bf4 Bg7 5. e3 c5 6. dxc5 Qa5 7. Rc1 dxc4 8.
Bxc4 O-O 9. Nge2 Qxc5 10. Qb3 Nc6 11. Nb5 Qh5 12. Ng3 Qh4 13. Nc7 e5 14. Bg5
Qxg5 15. h4 Qg4 16. Nxa8 Qd7 17. Rd1 Qe7 18. Qa3 Qxa3 19. bxa3 Bg4 20. f3 Na5
21. Be2 Be6 22. Nc7 Bxa2 23. h5 Rc8 24. Nb5 Bb3 25. Rb1 Bf8 26. Nxa7 Rc2 27.
hxg6 hxg6 28. Nb5 Bc5 29. Bd1 Rxg2 30. Bxb3 Rxg3 31. Kf2 Rg5 32. Ba2 Kg7 33.
Nc3 Rf5 34. Ke2 Rg5 35. Rbg1 Rxg1 36. Rxg1 Bxa3 37. Rb1 Nd7 38. Ne4 f5 39. Rd1
Nf8 40. Nc3 f4 41. Rd5 Nc6 42. Rb5 fxe3 43. Rxb7+ Kh6 44. Kxe3 Nh7 45. Ne4 Nd4
46. Rb1 Be7 47. Rb6 Nc2+ 48. Kf2 Ng5 49. Rb7 Bd8 50. Nd6 Nd4 51. Bd5 Nf5 52.
Nc4 Nh3+ 53. Kf1 Kg5 54. Rh7 Nf4 55. Be4 Bf6 56. Kf2 Ne6 57. Rf7 Nc5 58. Rf8
Ne6 59. Rg8 Ne7 60. Re8 Kf4 61. Bxg6 Nxg6 62. Rxe6 Kf5 63. Re8 Bh4+ 64. Ke2 Be7
65. Ne3+ Ke6 66. Kd3 Nf4+ 67. Kc4 Ng6 68. Nd5 Kf7 69. Ra8 Ke6 70. Ra6+ Bd6 71.
Nc7+ Ke7 72. Nb5 1-0

[Event "BL 1011 SG Turm Trier - SC Eppingen"]
[Site "?"]
[Date "2011.02.26"]
[Round "10.4"]
[White "Gonda, Laszlo"]
[Black "Braun, Arik"]
[Result "1-0"]
[WhiteElo "2550"]
[BlackElo "2538"]
[PlyCount "91"]
[EventDate "2011.??.??"]

1. c4 Nf6 2. Nf3 e6 3. g3 d5 4. Bg2 dxc4 5. Qa4+ Nbd7 6. Qxc4 a6 7. Qb3 c5 8.
a4 Be7 9. d3 Qb6 10. Nfd2 Qxb3 11. Nxb3 Nd5 12. Nc3 N7f6 13. Bg5 h6 14. Bxf6
Nxf6 15. a5 Bd7 16. Nd2 O-O-O 17. Nc4 Kb8 18. Ra3 Rc8 19. Rb3 Rc7 20. Ne5 Be8
21. Kd2 h5 22. h3 Ka7 23. Rc1 Bd6 24. Nc4 Be7 25. Ne5 Bd6 26. Nc4 Be7 27. f4 h4
28. g4 g5 29. fxg5 Nh7 30. g6 fxg6 31. Rb6 Ng5 32. Nd6 Bc6 33. Bxc6 bxc6 34.
Nc4 Nxh3 35. Ne5 Rhc8 36. Ne4 c4 37. Rxc4 c5 38. Nxg6 Bd8 39. Ne5 Ng5 40. Nd6
Rb8 41. Nc6+ Rxc6 42. Rxc6 Bxa5+ 43. Ke3 h3 44. Ra4 Bb6 45. Nc4 h2 46. Ra1 1-0

[Event "BL 1011 SG Turm Trier - SC Eppingen"]
[Site "?"]
[Date "2011.02.26"]
[Round "10.5"]
[White "Ruck, Robert"]
[Black "Seger, Ruediger"]
[Result "1-0"]
[WhiteElo "2555"]
[BlackElo "2416"]
[PlyCount "145"]
[EventDate "2011.??.??"]

1. Nf3 Nf6 2. c4 g6 3. Nc3 d5 4. Qa4+ Bd7 5. Qb3 dxc4 6. Qxc4 a6 7. Qb3 b5 8.
a4 b4 9. Qxb4 Nc6 10. Qb3 Rb8 11. Qd1 Be6 12. Ra3 Na5 13. e3 Bb3 14. Rxb3 Nxb3
15. Bxa6 c6 16. Bc4 Na5 17. Ba2 e6 18. O-O Be7 19. d4 O-O 20. Ne5 Nd5 21. Nd3
Nb4 22. Nxb4 Rxb4 23. Qc2 Qb6 24. b3 Qa7 25. Ne4 Rb6 26. Bd2 Nb7 27. b4 Nd6 28.
Nc5 Rfb8 29. Rb1 Rd8 30. Nd3 Rc8 31. Rc1 Rb7 32. Bb3 Bf8 33. Ne5 Rbc7 34. Be1
Qb8 35. a5 Nb5 36. Ba4 Na7 37. Qc4 Nb5 38. Bd1 Na7 39. Be2 Rb7 40. Nd3 Nb5 41.
Bf3 Na7 42. g3 Bd6 43. Kg2 Re7 44. h4 h5 45. Bd2 Qb5 46. Qc2 Qb8 47. Qb3 Ree8
48. Rc4 Red8 49. Qc2 Qb7 50. Bc1 Qd7 51. Bb2 Rb8 52. Ba1 Qe7 53. Qc3 f6 54. Qc2
Kf7 55. Bc3 Rdc8 56. e4 e5 57. dxe5 fxe5 58. Bb2 Kg8 59. Be2 Kh7 60. f4 Bxb4
61. Bxe5 Bd6 62. Bb2 Qb7 63. e5 Bf8 64. f5 gxf5 65. Nf4 Qxb2 66. Qxf5+ Kg8 67.
Rc2 Qb7 68. Bc4+ Kh8 69. Ng6+ Kg7 70. Qf6+ Kh7 71. Qh8+ Kxg6 72. Rf2 c5+ 73.
Kh2 1-0

[Event "BL 1011 SG Turm Trier - SC Eppingen"]
[Site "?"]
[Date "2011.02.26"]
[Round "10.6"]
[White "Cioara, Andrei Nestor"]
[Black "Guliyev, Namig"]
[Result "0-1"]
[WhiteElo "2426"]
[BlackElo "2510"]
[PlyCount "76"]
[EventDate "2011.??.??"]

1. Nf3 d5 2. c4 c6 3. g3 Nf6 4. Bg2 dxc4 5. Na3 Be6 6. Qc2 Qd5 7. O-O Nbd7 8.
Re1 Nb6 9. e4 Qd3 10. Qxd3 cxd3 11. Ne5 Rd8 12. Bf1 g6 13. Nxd3 Bg7 14. Nc5 Bc8
15. d3 O-O 16. Rb1 Ng4 17. Nc2 Na8 18. f4 b6 19. Nb3 c5 20. h3 Nh6 21. Be3 Bb7
22. Nd2 f5 23. e5 Nc7 24. d4 Nd5 25. Bc4 Nf7 26. Bf2 g5 27. e6 Nd6 28. fxg5
cxd4 29. Nxd4 f4 30. Bxd5 fxg3 31. Be3 Bxd5 32. Rbc1 Rf2 33. N4f3 Rxf3 34. Nxf3
Bxf3 35. Rf1 Bd5 36. Rc7 Nc4 37. Rd7 Re8 38. Bc5 bxc5 0-1